[Event "Greek Women Ch 2018"]
[Site "?"]
[Date "2018.12.20"]
[Round "9.1"]
[White "Petraki, Evaggelia"]
[Black "Skaraki, Antigoni"]
[Result "1/2-1/2"]
[BlackElo "2012"]
[WhiteElo "1756"]
[LiveChessVersion "1.4.8"]

1. e4 {[%clk 1:30:43]} c5 {[%clk 1:30:55]} 2. Nf3 {[%clk 1:31:10]} d6
{[%clk 1:31:20]} 3. d4 {[%clk 1:31:37]} cxd4 {[%clk 1:31:48]} 4. Nxd4
{[%clk 1:32:05]} Nf6 {[%clk 1:32:12]} 5. Nc3 {[%clk 1:32:32]} Nc6
{[%clk 1:32:37]} 6. Bg5 {[%clk 1:32:56]} e6 {[%clk 1:32:18]} 7. Qd2
{[%clk 1:33:18]} a6 {[%clk 1:32:38]} 8. O-O-O {[%clk 1:33:34]} Bd7
{[%clk 1:32:33]} 9. Kb1 {[%clk 1:33:18]} b5 {[%clk 1:32:12]} 10. f4
{[%clk 1:33:02]} Rc8 {[%clk 1:30:26]} 11. Nxc6 {[%clk 1:29:59]} Bxc6
{[%clk 1:30:36]} 12. e5 {[%clk 1:30:03]} dxe5 {[%clk 1:30:37]} 13. fxe5
{[%clk 1:27:06]} Qxd2 {[%clk 1:29:25]} 14. Rxd2 {[%clk 1:27:08]} Nd7
{[%clk 1:19:12]} 15. Bf4 {[%clk 1:22:30]} Bb4 {[%clk 1:18:55]} 16. Rd3
{[%clk 1:21:27]} O-O {[%clk 1:07:01]} 17. Rg3 {[%clk 1:08:06]} Bxc3
{[%clk 1:00:49]} 18. bxc3 {[%clk 1:08:31]} Be4 {[%clk 0:56:48]} 19. h4
{[%clk 1:04:12]} Kh8 {[%clk 0:41:11]} 20. Bd3 {[%clk 0:45:05]} Nc5
{[%clk 0:39:17]} 21. c4 {[%clk 0:38:31]} Bxd3 {[%clk 0:34:09]} 22. cxd3
{[%clk 0:38:55]} bxc4 {[%clk 0:34:33]} 23. dxc4 {[%clk 0:39:17]} Ne4
{[%clk 0:34:41]} 24. Rb3 {[%clk 0:37:00]} Rxc4 {[%clk 0:34:21]} 25. Rc1
{[%clk 0:37:24]} Rxc1+ {[%clk 0:32:36]} 26. Bxc1 {[%clk 0:37:46]} h6
{[%clk 0:24:35]} 27. Rb6 {[%clk 0:37:02]} Ra8 {[%clk 0:24:28]} 28. Rc6
{[%clk 0:37:17]} Nf2 {[%clk 0:19:19]} 29. Kc2 {[%clk 0:35:10]} Ng4
{[%clk 0:17:12]} 30. Bf4 {[%clk 0:34:13]} h5 {[%clk 0:16:49]} 31. Kb3
{[%clk 0:17:09]} Kh7 {[%clk 0:17:13]} 32. Rb6 {[%clk 0:11:26]} Kg6
{[%clk 0:17:16]} 33. Rb7 {[%clk 0:11:01]} Nf2 {[%clk 0:13:28]} 34. Be3
{[%clk 0:09:43]} Nd3 {[%clk 0:13:31]} 35. Bd4 {[%clk 0:08:56]} f6
{[%clk 0:10:24]} 36. exf6 {[%clk 0:07:45]} gxf6 {[%clk 0:10:49]} 37. Rb6
{[%clk 0:06:15]} Kf5 {[%clk 0:09:50]} 38. g3 {[%clk 0:05:18]} e5 {[%clk 0:08:50]}
39. Bg1 {[%clk 0:04:05]} Nc1+ {[%clk 0:09:05]} 40. Kb2 {[%clk 0:33:57]} Ne2
{[%clk 0:35:24]} 41. Bf2 {[%clk 0:33:38]} Nd4 {[%clk 0:25:09]} 42. Kc3
{[%clk 0:27:25]} Ne6 {[%clk 0:11:59]} 43. Kd3 {[%clk 0:25:43]} Rd8+
{[%clk 0:11:38]} 44. Ke2 {[%clk 0:25:09]} Nc7 {[%clk 0:09:46]} 45. Rc6
{[%clk 0:24:35]} Rd7 {[%clk 0:10:06]} 46. a4 {[%clk 0:22:05]} e4 {[%clk 0:07:03]}
47. a5 {[%clk 0:17:06]} Ke5 {[%clk 0:03:52]} 48. Be3 {[%clk 0:10:54]} Nd5
{[%clk 0:04:15]} 49. Bf4+ {[%clk 0:09:44]} Nxf4+ {[%clk 0:02:58]} 50. gxf4+
{[%clk 0:10:12]} Kxf4 {[%clk 0:02:47]} 51. Rxf6+ {[%clk 0:10:38]} Kg4
{[%clk 0:02:15]} 52. Rxa6 {[%clk 0:11:02]} Rd4 {[%clk 0:02:03]} 53. Ke3
{[%clk 0:09:40]} Ra4 {[%clk 0:02:32]} 54. Re6 {[%clk 0:09:50]} Rxa5 55. Rxe4+
{[%clk 0:10:12]} Kg3 {[%clk 0:01:42]} 56. Ke2 {[%clk 0:08:46]} Ra2+
{[%clk 0:02:06]} 57. Ke3 {[%clk 0:09:01]} Rb2 {[%clk 0:01:30]} 58. Rd4
{[%clk 0:07:51]} Rh2 {[%clk 0:01:28]} 59. Rc4 {[%clk 0:07:51]} Ra2
{[%clk 0:01:32]} 60. Rd4 {[%clk 0:07:49]} Ra3+ {[%clk 0:01:35]} 61. Ke2
{[%clk 0:07:48]} Ra8 {[%clk 0:01:55]} 62. Ke3 {[%clk 0:07:04]} Re8+
{[%clk 0:02:12]} 63. Re4 {[%clk 0:07:16]} Rg8 {[%clk 0:02:04]} 64. Ke2
{[%clk 0:04:51]} Rg6 {[%clk 0:01:37]} 65. Ke3 {[%clk 0:03:44]} Kh3
{[%clk 0:01:30]} 66. Ke2 {[%clk 0:03:59]} Rg7 {[%clk 0:01:22]} 67. Rf4
{[%clk 0:03:54]} Rg2+ {[%clk 0:01:32]} 68. Kf3 {[%clk 0:02:00]} Rg4
{[%clk 0:01:06]} 69. Re4 {[%clk 0:02:27]} Kxh4 {[%clk 0:01:22]} 70. Rxg4+
{[%clk 0:02:45]} hxg4+ {[%clk 0:01:49]} 71. Kg2 {[%clk 0:03:12]} g3
{[%clk 0:02:08]} 72. Kg1 {[%clk 0:03:19]} Kh3 {[%clk 0:02:09]} 73. Kh1
{[%clk 0:03:44]} Kg4 {[%clk 0:02:20]} 74. Kg2 {[%clk 0:04:05]} Kf4
{[%clk 0:02:47]} 75. Kg1 {[%clk 0:04:25]} Kf3 {[%clk 0:03:10]} 76. Kf1
{[%clk 0:04:51]} 1/2-1/2

[Event "Greek Women Ch 2018"]
[Site "?"]
[Date "2018.12.20"]
[Round "9.2"]
[White "Fragkou, Eleni"]
[Black "Tsivelekidou, Evgenia"]
[Result "1/2-1/2"]
[BlackElo "1861"]
[WhiteElo "2031"]
[LiveChessVersion "1.4.8"]

1. e4 {[%clk 1:30:55]} e5 {[%clk 1:30:56]} 2. Nf3 {[%clk 1:31:11]} Nc6
{[%clk 1:31:21]} 3. d4 {[%clk 1:31:25]} exd4 {[%clk 1:31:44]} 4. Nxd4
{[%clk 1:31:13]} Nf6 {[%clk 1:32:04]} 5. Nxc6 {[%clk 1:31:28]} bxc6
{[%clk 1:32:27]} 6. e5 {[%clk 1:31:46]} Qe7 {[%clk 1:32:39]} 7. Qe2
{[%clk 1:32:03]} Nd5 {[%clk 1:33:02]} 8. c4 {[%clk 1:32:07]} Nb6 {[%clk 1:33:12]}
9. Nc3 {[%clk 1:32:10]} Qe6 {[%clk 1:32:15]} 10. Qe4 {[%clk 1:31:49]} Be7
{[%clk 1:23:09]} 11. Bd3 {[%clk 1:19:37]} Bb7 {[%clk 1:15:17]} 12. O-O
{[%clk 1:03:21]} d5 {[%clk 1:03:50]} 13. exd6 {[%clk 0:55:08]} Qxe4
{[%clk 0:50:17]} 14. d7+ {[%clk 0:49:09]} Nxd7 {[%clk 0:45:49]} 15. Bxe4
{[%clk 0:47:54]} O-O {[%clk 0:42:58]} 16. Bf4 {[%clk 0:43:37]} Bd6
{[%clk 0:34:18]} 17. Bxd6 {[%clk 0:30:56]} cxd6 {[%clk 0:34:43]} 18. Rfd1
{[%clk 0:31:08]} Ne5 {[%clk 0:27:12]} 19. Rxd6 {[%clk 0:24:05]} Nxc4
{[%clk 0:26:30]} 20. Rd7 {[%clk 0:20:34]} Rab8 {[%clk 0:23:23]} 21. Na4
{[%clk 0:14:27]} Nb6 {[%clk 0:21:16]} 22. Nxb6 {[%clk 0:13:40]} axb6
{[%clk 0:21:41]} 23. Rad1 {[%clk 0:13:49]} Bc8 {[%clk 0:18:41]} 24. Ra7
{[%clk 0:09:54]} c5 {[%clk 0:15:18]} 25. Bd5 {[%clk 0:06:53]} Bf5
{[%clk 0:13:51]} 26. f3 {[%clk 0:03:02]} h5 {[%clk 0:13:08]} 27. a4
{[%clk 0:02:02]} Bg6 {[%clk 0:11:45]} 28. Bc4 {[%clk 0:01:25]} Rfd8
{[%clk 0:09:39]} 29. Rdd7 {[%clk 0:01:33]} Rxd7 {[%clk 0:08:50]} 30. Rxd7
{[%clk 0:01:58]} Kf8 {[%clk 0:08:05]} 31. Kf2 {[%clk 0:02:16]} f6
{[%clk 0:03:44]} 32. b3 {[%clk 0:02:02]} Be8 {[%clk 0:03:29]} 33. Rc7
{[%clk 0:02:15]} Rd8 {[%clk 0:02:41]} 34. Rb7 {[%clk 0:02:30]} Rd6
{[%clk 0:02:32]} 35. Ke3 {[%clk 0:01:54]} Bd7 {[%clk 0:01:34]} 36. f4
{[%clk 0:00:51]} f5 {[%clk 0:00:56]} 37. g3 {[%clk 0:01:05]} Be6 {[%clk 0:01:04]}
38. Bxe6 {[%clk 0:00:55]} Rxe6+ {[%clk 0:01:30]} 39. Kd3 {[%clk 0:00:54]} h4
{[%clk 0:01:26]} 40. gxh4 {[%clk 0:30:42]} Rd6+ {[%clk 0:31:35]} 41. Ke3
{[%clk 0:22:27]} Kg8 {[%clk 0:27:15]} 42. h5 {[%clk 0:20:08]} Kh7
{[%clk 0:23:02]} 43. Rb8 {[%clk 0:18:59]} Rc6 {[%clk 0:20:44]} 44. Kd3
{[%clk 0:13:28]} Rd6+ {[%clk 0:20:39]} 45. Kc3 {[%clk 0:12:15]} Re6
{[%clk 0:19:57]} 46. Rf8 {[%clk 0:10:11]} Re3+ {[%clk 0:15:07]} 47. Kc2
{[%clk 0:09:16]} Re2+ {[%clk 0:13:26]} 48. Kd3 {[%clk 0:09:10]} Rxh2
{[%clk 0:13:11]} 49. Rxf5 {[%clk 0:09:32]} Rh3+ {[%clk 0:12:11]} 50. Kc4
{[%clk 0:08:08]} Re3 {[%clk 0:11:39]} 51. Re5 {[%clk 0:04:45]} Rf3
{[%clk 0:11:39]} 52. Re4 {[%clk 0:04:05]} Kg8 {[%clk 0:11:04]} 1/2-1/2

[Event "Greek Women Ch 2018"]
[Site "?"]
[Date "2018.12.20"]
[Round "9.3"]
[White "Nikolaidou, Eleni"]
[Black "Androni, Konstantina"]
[Result "0-1"]
[BlackElo "1912"]
[WhiteElo "1707"]
[LiveChessVersion "1.4.8"]

1. e4 {[%clk 1:29:13]} d6 {[%clk 1:29:45]} 2. Bc4 {[%clk 1:27:50]} Nf6
{[%clk 1:29:15]} 3. d3 {[%clk 1:28:11]} g6 {[%clk 1:27:29]} 4. c3
{[%clk 1:28:26]} Bg7 {[%clk 1:27:45]} 5. Ne2 {[%clk 1:27:06]} c6 {[%clk 1:27:09]}
6. Bb3 {[%clk 1:26:19]} e5 {[%clk 1:24:19]} 7. O-O O-O {[%clk 1:24:40]} 8. Bg5
{[%clk 1:17:53]} h6 {[%clk 1:21:35]} 9. Bh4 {[%clk 1:18:12]} Nbd7
{[%clk 1:21:10]} 10. Nd2 {[%clk 1:16:20]} Nc5 {[%clk 1:16:20]} 11. Bc2
{[%clk 1:16:30]} Qc7 {[%clk 1:10:41]} 12. Rc1 {[%clk 1:00:50]} Bd7
{[%clk 1:06:31]} 13. b4 {[%clk 0:57:55]} Ne6 {[%clk 1:06:40]} 14. Bb3
{[%clk 0:57:37]} Rae8 {[%clk 1:00:31]} 15. f3 {[%clk 0:53:49]} Nh5
{[%clk 0:59:07]} 16. Bf2 {[%clk 0:52:53]} Qd8 {[%clk 0:58:26]} 17. Nc4
{[%clk 0:51:51]} Bc8 {[%clk 0:51:11]} 18. Bxa7 {[%clk 0:49:10]} Nef4
{[%clk 0:44:20]} 19. Be3 {[%clk 0:39:47]} b5 {[%clk 0:38:18]} 20. Na5
{[%clk 0:37:14]} Bd7 {[%clk 0:30:40]} 21. a4 {[%clk 0:25:51]} Qg5
{[%clk 0:29:57]} 22. Nxf4 {[%clk 0:24:53]} exf4 {[%clk 0:30:19]} 23. Bd4
{[%clk 0:23:47]} c5 {[%clk 0:26:54]} 24. bxc5 {[%clk 0:23:31]} dxc5
{[%clk 0:27:19]} 25. Bxg7 {[%clk 0:22:52]} Kxg7 {[%clk 0:27:41]} 26. axb5
{[%clk 0:22:21]} Bxb5 {[%clk 0:27:46]} 27. Bc4 {[%clk 0:19:22]} Bd7
{[%clk 0:27:43]} 28. Qd2 {[%clk 0:12:21]} Re5 {[%clk 0:23:18]} 29. Bd5
{[%clk 0:12:13]} Qh4 {[%clk 0:22:40]} 30. Qf2 {[%clk 0:10:25]} Ng3
{[%clk 0:22:29]} 31. h3 {[%clk 0:07:18]} Rg5 {[%clk 0:19:08]} 32. Kh2
{[%clk 0:06:04]} Nxf1+ {[%clk 0:10:19]} 33. Rxf1 {[%clk 0:02:24]} Rg3
{[%clk 0:10:44]} 34. Qxc5 {[%clk 0:00:33]} Bxh3 {[%clk 0:10:41]} 35. Rf2
{[%clk 0:00:32]} Bxg2+ 0-1

[Event "Greek Women Ch 2018"]
[Site "?"]
[Date "2018.12.20"]
[Round "9.4"]
[White "Grapsa, Georgia"]
[Black "Pavlidou, Ekaterini"]
[Result "1/2-1/2"]
[BlackElo "2185"]
[WhiteElo "2097"]
[LiveChessVersion "1.4.8"]

1. d4 {[%clk 1:30:57]} Nf6 {[%clk 1:30:12]} 2. c4 {[%clk 1:30:54]} e6
{[%clk 1:30:20]} 3. g3 {[%clk 1:31:22]} d5 {[%clk 1:30:35]} 4. Nf3
{[%clk 1:31:50]} Bb4+ {[%clk 1:29:46]} 5. Bd2 {[%clk 1:31:41]} Be7
{[%clk 1:30:07]} 6. Qc2 {[%clk 1:31:55]} c6 {[%clk 1:29:21]} 7. Bg2
{[%clk 1:32:22]} O-O {[%clk 1:29:32]} 8. O-O {[%clk 1:32:50]} b6 {[%clk 1:27:38]}
9. Bf4 {[%clk 1:32:53]} Bb7 {[%clk 1:24:23]} 10. Rd1 {[%clk 1:31:32]} Nbd7
{[%clk 1:22:20]} 11. b3 {[%clk 1:31:31]} Nh5 {[%clk 1:17:55]} 12. Be3
{[%clk 1:29:50]} f5 {[%clk 1:13:37]} 13. Nc3 {[%clk 1:28:22]} Rc8
{[%clk 1:09:30]} 14. Ne5 {[%clk 1:21:56]} Bd6 {[%clk 1:02:46]} 15. Bf3
{[%clk 1:18:41]} Nhf6 {[%clk 1:01:45]} 16. Bf4 {[%clk 1:15:13]} Qe7
{[%clk 0:58:50]} 17. Nd3 {[%clk 1:07:04]} Bxf4 {[%clk 0:56:04]} 18. Nxf4
{[%clk 1:06:21]} g5 {[%clk 0:46:30]} 19. Nd3 {[%clk 1:06:48]} Rf7
{[%clk 0:45:58]} 20. a4 {[%clk 0:58:04]} Ba6 {[%clk 0:42:41]} 21. Qa2
{[%clk 0:56:51]} Ne4 {[%clk 0:33:15]} 22. Rac1 {[%clk 0:55:25]} Qd6
{[%clk 0:27:00]} 23. e3 {[%clk 0:39:42]} Rcf8 {[%clk 0:24:27]} 24. Bg2
{[%clk 0:38:37]} Rg7 {[%clk 0:15:25]} 25. a5 {[%clk 0:36:14]} b5 {[%clk 0:13:52]}
26. cxb5 {[%clk 0:35:27]} Nxc3 {[%clk 0:13:19]} 27. Rxc3 {[%clk 0:35:51]} Bxb5
{[%clk 0:13:44]} 28. f4 {[%clk 0:34:17]} g4 {[%clk 0:13:21]} 29. Bf1
{[%clk 0:30:10]} Bxd3 {[%clk 0:09:47]} 30. Bxd3 {[%clk 0:30:23]} h5
{[%clk 0:10:11]} 31. Rdc1 {[%clk 0:28:36]} Nb8 {[%clk 0:10:36]} 32. a6
{[%clk 0:26:05]} Rh7 {[%clk 0:09:22]} 33. Qa5 {[%clk 0:22:24]} h4
{[%clk 0:09:41]} 34. Bf1 {[%clk 0:22:44]} hxg3 {[%clk 0:08:08]} 35. hxg3
{[%clk 0:19:32]} Kg7 {[%clk 0:03:06]} 36. b4 {[%clk 0:16:25]} Rfh8
{[%clk 0:03:31]} 37. Bg2 {[%clk 0:16:51]} Kg6 {[%clk 0:01:59]} 38. b5
{[%clk 0:13:54]} cxb5 {[%clk 0:00:52]} 39. Qxb5 {[%clk 0:14:00]} Qf8
{[%clk 0:00:41]} 40. e4 {[%clk 0:41:51]} dxe4 {[%clk 0:30:36]} 41. Bxe4
{[%clk 0:38:53]} Qf6 {[%clk 0:27:18]} 42. Bg2 {[%clk 0:33:45]} Qxd4+
{[%clk 0:26:29]} 43. Kf1 {[%clk 0:34:11]} Rh1+ {[%clk 0:25:13]} 44. Ke2
{[%clk 0:32:40]} R1h2 {[%clk 0:23:49]} 45. Qb7 {[%clk 0:31:37]} Rd8
{[%clk 0:21:44]} 46. Kf1 {[%clk 0:30:46]} Rh7 {[%clk 0:08:37]} 47. Qb3
{[%clk 0:29:57]} Qd6 {[%clk 0:08:39]} 48. Bb7 {[%clk 0:23:21]} Rh2
{[%clk 0:05:13]} 49. Re3 {[%clk 0:20:11]} Re8 {[%clk 0:04:28]} 50. Rd1
{[%clk 0:18:52]} Qc5 {[%clk 0:04:51]} 51. Rxe6+ {[%clk 0:12:49]} Kg7
{[%clk 0:02:56]} 52. Bg2 {[%clk 0:12:07]} Rxe6 {[%clk 0:01:43]} 53. Qxe6
{[%clk 0:12:31]} Rxg2 {[%clk 0:01:20]} 54. Rd7+ {[%clk 0:12:06]} Nxd7
{[%clk 0:01:46]} 55. Qxd7+ {[%clk 0:12:32]} Kf6 {[%clk 0:01:57]} 56. Qd8+
{[%clk 0:09:12]} Ke6 {[%clk 0:01:32]} 57. Qe8+ {[%clk 0:08:45]} Kd6
{[%clk 0:00:54]} 58. Qf8+ {[%clk 0:08:17]} Kc6 {[%clk 0:00:59]} 59. Qc8+
{[%clk 0:08:09]} Kd6 {[%clk 0:00:53]} 60. Qd8+ {[%clk 0:07:06]} Ke5 1/2-1/2

[Event "Greek Women Ch 2018"]
[Site "?"]
[Date "2018.12.20"]
[Round "9.5"]
[White "Makka, Ioulia"]
[Black "Markantonaki, Haritomeni"]
[Result "1-0"]
[BlackElo "2152"]
[WhiteElo "2065"]
[LiveChessVersion "1.4.8"]

1. e4 {[%clk 1:30:52]} c5 {[%clk 1:30:53]} 2. Nf3 {[%clk 1:31:14]} e6
{[%clk 1:31:15]} 3. b3 {[%clk 1:31:30]} a6 {[%clk 1:31:10]} 4. Bb2
{[%clk 1:29:32]} Nc6 {[%clk 1:31:32]} 5. c4 {[%clk 1:29:27]} Nf6 {[%clk 1:30:57]}
6. e5 {[%clk 1:28:00]} Ng4 {[%clk 1:30:54]} 7. Qe2 {[%clk 1:13:14]} d6
{[%clk 1:23:39]} 8. exd6 {[%clk 1:10:39]} Qxd6 {[%clk 1:23:05]} 9. Nc3
{[%clk 1:08:15]} Nf6 {[%clk 1:16:27]} 10. O-O-O {[%clk 0:38:07]} Be7
{[%clk 1:11:26]} 11. h3 {[%clk 0:28:14]} O-O {[%clk 1:01:13]} 12. g4
{[%clk 0:25:04]} Nd4 {[%clk 0:56:02]} 13. Nxd4 {[%clk 0:24:36]} cxd4
{[%clk 0:56:26]} 14. Ne4 {[%clk 0:23:47]} Qf4 {[%clk 0:56:01]} 15. Bg2
{[%clk 0:23:08]} Rd8 {[%clk 0:54:54]} 16. Kb1 {[%clk 0:21:35]} Rb8
{[%clk 0:52:20]} 17. Qf3 {[%clk 0:20:09]} Qe5 {[%clk 0:47:08]} 18. Rhe1
{[%clk 0:18:23]} Qa5 {[%clk 0:43:33]} 19. Qg3 {[%clk 0:16:54]} Ra8
{[%clk 0:38:18]} 20. f4 {[%clk 0:15:12]} Ra7 {[%clk 0:35:48]} 21. Nxf6+
{[%clk 0:10:53]} Bxf6 {[%clk 0:36:14]} 22. Re4 {[%clk 0:08:12]} b6
{[%clk 0:30:45]} 23. g5 {[%clk 0:08:08]} Be7 {[%clk 0:31:10]} 24. Rxd4
{[%clk 0:07:15]} Rxd4 {[%clk 0:27:14]} 25. Bxd4 {[%clk 0:07:43]} Rd7
{[%clk 0:25:49]} 26. Bc3 {[%clk 0:04:33]} Qf5+ {[%clk 0:23:07]} 27. Kb2
{[%clk 0:03:02]} Rd3 {[%clk 0:21:54]} 28. Qf2 {[%clk 0:03:25]} Bc5
{[%clk 0:20:46]} 29. Qe2 {[%clk 0:03:40]} Rg3 {[%clk 0:17:55]} 30. Be5
{[%clk 0:03:13]} Qd3 {[%clk 0:15:45]} 31. Qxd3 {[%clk 0:02:49]} Rxd3
{[%clk 0:16:14]} 32. h4 {[%clk 0:01:45]} Rg3 {[%clk 0:12:11]} 33. Bc6
{[%clk 0:01:37]} Rg4 {[%clk 0:11:00]} 34. h5 {[%clk 0:01:22]} f6 {[%clk 0:10:06]}
35. gxf6 {[%clk 0:01:32]} gxf6 {[%clk 0:10:35]} 36. Bxf6 {[%clk 0:01:42]} Rxf4
{[%clk 0:10:59]} 37. Bc3 {[%clk 0:01:12]} Bd4 {[%clk 0:09:19]} 38. Bxd4
{[%clk 0:01:02]} Rxd4 {[%clk 0:09:47]} 39. Kc3 {[%clk 0:01:03]} Rh4
{[%clk 0:09:39]} 40. Rh1 {[%clk 0:30:50]} Rg4 {[%clk 0:36:42]} 41. d4
{[%clk 0:24:54]} Kf7 {[%clk 0:36:15]} 42. Kd3 {[%clk 0:23:50]} h6
{[%clk 0:33:31]} 43. Rf1+ {[%clk 0:20:49]} Ke7 {[%clk 0:33:51]} 44. Be4
{[%clk 0:20:10]} Bd7 {[%clk 0:29:34]} 45. Ke3 {[%clk 0:18:58]} Be8
{[%clk 0:28:09]} 46. Rh1 {[%clk 0:08:56]} Rg5 {[%clk 0:23:04]} 47. Bf3
{[%clk 0:08:56]} Kd6 {[%clk 0:22:51]} 48. Rh2 {[%clk 0:08:24]} a5
{[%clk 0:17:58]} 49. a3 {[%clk 0:06:04]} Bc6 {[%clk 0:13:55]} 50. Bd1
{[%clk 0:05:16]} Rg3+ {[%clk 0:13:09]} 51. Kd2 {[%clk 0:05:25]} a4
{[%clk 0:12:09]} 52. bxa4 {[%clk 0:04:47]} Rxa3 {[%clk 0:12:34]} 53. Rf2
{[%clk 0:03:11]} Bxa4 {[%clk 0:11:35]} 54. Be2 {[%clk 0:02:50]} Ra2+
{[%clk 0:06:14]} 55. Ke3 {[%clk 0:03:16]} Ra3+ {[%clk 0:06:25]} 56. Kd2
{[%clk 0:03:11]} Ke7 {[%clk 0:05:36]} 57. Rg2 {[%clk 0:02:58]} Ra2+
{[%clk 0:05:28]} 58. Ke1 {[%clk 0:03:03]} Ra1+ {[%clk 0:05:27]} 59. Kd2
{[%clk 0:03:01]} Ra2+ {[%clk 0:05:00]} 60. Ke1 {[%clk 0:03:20]} Bc2
{[%clk 0:04:56]} 61. Rg7+ {[%clk 0:03:04]} Kd6 {[%clk 0:04:38]} 62. Rb7
{[%clk 0:03:04]} Be4 {[%clk 0:04:42]} 63. Rxb6+ {[%clk 0:03:11]} Kd7
{[%clk 0:05:11]} 64. Bg4 {[%clk 0:02:48]} Bf5 {[%clk 0:05:10]} 65. Bxf5
{[%clk 0:02:37]} exf5 {[%clk 0:05:39]} 66. c5 {[%clk 0:02:31]} Ke7
{[%clk 0:04:53]} 67. Rxh6 {[%clk 0:02:46]} Ra4 {[%clk 0:04:32]} 68. Rd6
{[%clk 0:03:04]} Ra2 {[%clk 0:04:28]} 69. h6 {[%clk 0:03:09]} Rh2
{[%clk 0:04:39]} 70. Kf1 {[%clk 0:03:23]} f4 {[%clk 0:04:42]} 71. Kg1
{[%clk 0:03:35]} Rh4 {[%clk 0:05:07]} 72. Kf2 {[%clk 0:03:50]} Ke8
{[%clk 0:05:31]} 73. Kf3 {[%clk 0:03:56]} Ke7 {[%clk 0:05:57]} 74. Ra6
{[%clk 0:03:49]} Kd7 {[%clk 0:05:58]} 75. Rg6 {[%clk 0:03:23]} Kc7
{[%clk 0:06:01]} 76. d5 {[%clk 0:02:50]} Kb7 {[%clk 0:04:57]} 77. Rg7+
{[%clk 0:02:35]} Ka6 {[%clk 0:05:23]} 78. h7 {[%clk 0:02:35]} Kb5
{[%clk 0:05:44]} 79. Rc7 {[%clk 0:02:23]} Kc4 {[%clk 0:02:38]} 80. d6
{[%clk 0:02:44]} 1-0